000 00572nam a22001937a 4500
005 20260318110749.0
010 _aENG-147915
020 _a9789373596389
_c699.00
035 _aEN-131447
037 _bDBAD
082 _a000
_21
245 _aCUET (UG)26 GAT
250 _a1
260 _aUttar Pradesh
_bS. Chand Publishing
_c2026
270 _aD-92, Sector-02, Noida
_bUttar Pradesh
_e201301
_k91-120-4682700
300 v _avpp.
_c26cm(pb)
500 _aConcepts & Mock Papers GK, Quantitative Aptitude, Reasoning
942 _2ddc
_cEN
_mCUE
_h000
999 _c215595
_d215595